000 01035nam0a22002651 4500
001 rc\391137
005 20250621070239.0
010 _a5-11-000269-X
_915000
035 _a(NLR Aleph) 005640989
090 _a6668749
_c6668749
100 _a20030616d1989 |||y0rusy50 ca
101 0 _arus
102 _aRU
105 _aa |||||||||
200 1 _aОсновы управления социалистическим производством
_e[Учеб. для экон. спец. вузов
_fГ.Л. Таукач, В.П. Дубонос, Н.А. Лифинцев и др.]
_gПод ред. Г.Л. Таукача, В.П. Дубоноса
210 _aКиев
_cВыща школа
_d1989
215 _a302, [1] с.
_cил.
_d22
300 _aАвт. указаны на обороте тит. л.
320 _aПредм. указ.: с. 297-299
701 1 _aТаукач
_bГ.Л.
_gГеоргий Леонидович
801 0 _aRU
_bNLR
_gpsbo
801 1 _aRU
_bELAR
_2rusmarc
852 _aNLR
_j89-5/5097
942 _cBOOK
980 _aNB